[Event "SRB Team Chmp 2008"]
[Site "Subotica"]
[Date "2008.09.08"]
[Round "7.1"]
[White "Ivanovic, Bozidar"]
[Black "Abramovic, Bosko"]
[Result "1/2-1/2"]
[WhiteElo "2436"]
[BlackElo "2488"]
[PlyCount "22"]
[EventDate "2008.09.01"]

1. e4 e5 2. Nf3 Nc6 3. Bb5 a6 4. Ba4 Nf6 5. d3 b5 6. Bb3 Be7 7. O-O d6 8. c3
O-O 9. Re1 Na5 10. Bc2 c5 11. Nbd2 Nc6 1/2-1/2

[Event "SRB Team Chmp 2008"]
[Site "Subotica"]
[Date "2008.09.08"]
[Round "7.1"]
[White "Benkovic, Petar"]
[Black "Dudukovic, Nikola"]
[Result "1/2-1/2"]
[WhiteElo "2479"]
[BlackElo "2180"]
[PlyCount "55"]
[EventDate "2008.09.01"]

1. Nf3 c5 2. c4 b6 3. g3 Bb7 4. Bg2 Nf6 5. O-O d6 6. Nc3 Nbd7 7. d4 cxd4 8.
Qxd4 g6 9. Rd1 Bg7 10. Be3 O-O 11. Qh4 Re8 12. Bh6 Rc8 13. Bxg7 Kxg7 14. Rac1
Qc7 15. b3 Qb8 16. Qd4 Kg8 17. g4 Nc5 18. Nd5 Nxd5 19. cxd5 Nd7 20. g5 Rxc1 21.
Rxc1 Rc8 22. Rd1 Rc5 23. Nd2 Qc7 24. Nf1 Ba6 25. Rd2 Rc1 26. Qb2 Ne5 27. h3 Qc5
28. Kh2 1/2-1/2

[Event "SRB Team Chmp 2008"]
[Site "Subotica"]
[Date "2008.09.08"]
[Round "7.2"]
[White "Kovacevic, Aleksandar"]
[Black "Pavlovic, Milos"]
[Result "0-1"]
[WhiteElo "2585"]
[BlackElo "2515"]
[PlyCount "40"]
[EventDate "2008.09.01"]

1. e4 e5 2. Nf3 Nc6 3. Bb5 a6 4. Bxc6 dxc6 5. O-O Bd6 6. d4 exd4 7. Qxd4 f6 8.
Be3 Ne7 9. Nbd2 Be6 10. Rad1 Ng6 11. Nc4 Bxc4 12. Qxc4 Qe7 13. Rfe1 O-O-O 14.
Bd4 Rhe8 15. g3 Bb4 16. c3 Bd6 17. b4 Qd7 18. e5 fxe5 19. Bxe5 Qf5 20. Bf4 Nxf4
0-1

[Event "SRB Team Chmp 2008"]
[Site "Subotica"]
[Date "2008.09.08"]
[Round "7.2"]
[White "Arsovic, Goran"]
[Black "Popovic, Petar"]
[Result "1/2-1/2"]
[WhiteElo "2469"]
[BlackElo "2478"]
[PlyCount "24"]
[EventDate "2008.09.01"]

1. Nf3 Nf6 2. c4 g6 3. Nc3 d5 4. cxd5 Nxd5 5. Qa4+ Bd7 6. Qc2 Nb4 7. Qb3 c5 8.
a3 Be6 9. Qa4+ Bd7 10. Qd1 N4c6 11. e3 Bg7 12. Be2 O-O 1/2-1/2

[Event "SRB Team Chmp 2008"]
[Site "Subotica"]
[Date "2008.09.08"]
[Round "7.4"]
[White "Miljkovic, Miroslav D"]
[Black "Djukic, Nikola"]
[Result "1-0"]
[WhiteElo "2427"]
[BlackElo "2545"]
[PlyCount "75"]
[EventDate "2008.09.01"]

1. d4 Nf6 2. Nf3 g6 3. Bg5 Bg7 4. Nbd2 c5 5. e3 cxd4 6. exd4 O-O 7. Bd3 Nc6 8.
c3 d6 9. O-O Qc7 10. Re1 e5 11. dxe5 dxe5 12. Qa4 h6 13. Be3 Nd5 14. Bc5 Rd8
15. Bc4 Na5 16. Bxd5 Qxc5 17. Bxf7+ Kxf7 18. b4 Qc7 19. bxa5 Be6 20. Re3 Rd5
21. a6 b5 22. Qe4 Rad8 23. Nh4 Kg8 24. Qxg6 Bf7 25. Qg4 h5 26. Qg5 Rxd2 27. Nf5
Be6 28. Ne7+ Kf8 29. Ng6+ Ke8 30. h4 Rd1+ 31. Rxd1 Rxd1+ 32. Kh2 Rd5 33. Nf4
Rd6 34. Nxh5 Kf8 35. Rf3+ Ke8 36. Nxg7+ Kd7 37. Nxe6 Kxe6 38. Qg8+ 1-0

[Event "SRB Team Chmp 2008"]
[Site "Subotica"]
[Date "2008.09.08"]
[Round "7.4"]
[White "Nestorovic, Nikola"]
[Black "Perunovic, Miodrag"]
[Result "1-0"]
[WhiteElo "2422"]
[BlackElo "2419"]
[PlyCount "87"]
[EventDate "2008.09.01"]

1. e4 c6 2. d4 d5 3. e5 Bf5 4. Nd2 e6 5. Nb3 Nd7 6. Nf3 Bg6 7. Be2 Nh6 8. O-O
Nf5 9. a4 h5 10. Ne1 Be7 11. a5 a6 12. Nd3 h4 13. h3 Qc7 14. Ra4 f6 15. Bf4
fxe5 16. Nxe5 Nxe5 17. Bxe5 Bd6 18. Bxd6 Qxd6 19. Bg4 O-O 20. Re1 Rae8 21. Re5
Nh6 22. Nc5 Rf6 23. Qe2 Kh8 24. Bxe6 Ref8 25. f3 Bf5 26. Ra1 Rg6 27. Re1 Rff6
28. Bxf5 Nxf5 29. c3 Qc7 30. Qd3 Qf7 31. R1e2 Rg3 32. Re8+ Kh7 33. R8e5 Kh8 34.
Re6 Qg6 35. Rxf6 Qxf6 36. Re8+ Kh7 37. Re5 g6 38. Qd2 Ng7 39. Qe3 Qd8 40. Re7
Qd6 41. Qe5 Qxe5 42. dxe5 Kh6 43. Rxb7 Nf5 44. Kf2 1-0

[Event "SRB Team Chmp 2008"]
[Site "Subotica"]
[Date "2008.09.08"]
[Round "7.4"]
[White "Maksimovic, Branimir"]
[Black "Roganovic, Milos"]
[Result "0-1"]
[WhiteElo "2397"]
[BlackElo "2393"]
[PlyCount "50"]
[EventDate "2008.09.01"]

1. e4 c5 2. Nc3 Nc6 3. f4 e6 4. Nf3 d5 5. Bb5 d4 6. Ne2 Nge7 7. a4 a6 8. Bc4 g6
9. d3 Bg7 10. O-O O-O 11. g4 Na5 12. Ba2 b5 13. f5 exf5 14. gxf5 gxf5 15. Ng3
c4 16. Bd2 fxe4 17. Ng5 h6 18. N5xe4 f5 19. Nc5 Nb7 20. Nxb7 Bxb7 21. dxc4 Kh7
22. Rf2 d3 23. Bc3 f4 24. Bxg7 fxg3 25. Rxf8 Qb6+ 0-1

[Event "SRB Team Chmp 2008"]
[Site "Subotica"]
[Date "2008.09.08"]
[Round "7.5"]
[White "Djuric, Stefan"]
[Black "Antic, Dejan"]
[Result "1/2-1/2"]
[WhiteElo "2462"]
[BlackElo "2482"]
[PlyCount "21"]
[EventDate "2008.09.01"]

1. Nf3 Nf6 2. c4 e6 3. g3 d5 4. Bg2 Be7 5. O-O O-O 6. Qc2 c5 7. cxd5 Nxd5 8.
Nc3 Nc6 9. b3 b6 10. Nxd5 exd5 11. Bb2 1/2-1/2

[Event "SRB Team Chmp 2008"]
[Site "Subotica"]
[Date "2008.09.08"]
[Round "7.6"]
[White "Naiditsch, Arkadij"]
[Black "Ivanisevic, Ivan"]
[Result "1/2-1/2"]
[WhiteElo "2665"]
[BlackElo "2664"]
[PlyCount "99"]
[EventDate "2008.09.01"]

1. e4 e5 2. Nf3 Nc6 3. Bb5 a6 4. Ba4 Nf6 5. O-O Be7 6. Re1 b5 7. Bb3 O-O 8. c3
d5 9. exd5 Nxd5 10. Nxe5 Nxe5 11. Rxe5 c6 12. d4 Bd6 13. Re1 Qh4 14. g3 Qh3 15.
Be3 Bg4 16. Qd3 Rae8 17. Nd2 Re6 18. Qf1 Qh5 19. f3 Nxe3 20. Qf2 Nd5 21. fxg4
Qxg4 22. Qf3 Qxf3 23. Nxf3 h6 24. Rxe6 fxe6 25. Nd2 a5 26. a4 b4 27. c4 Nc7 28.
Bc2 c5 29. Ne4 Rd8 30. Nxc5 Bxc5 31. dxc5 Rd4 32. b3 Na6 33. c6 Kf7 34. Re1 Kf6
35. Be4 Rd8 36. Re3 Nc5 37. Bf3 Ke7 38. Kf2 Kd6 39. Ke2 Rf8 40. h4 Rf5 41. Kf1
Rf7 42. Kg2 Rf6 43. Kh3 Rf8 44. Kg4 Rf5 45. Kh3 Rf7 46. g4 g5 47. Kg3 Rf8 48.
hxg5 hxg5 49. Bg2 Rf7 50. Bf3 1/2-1/2

[Event "SRB Team Chmp 2008"]
[Site "Subotica"]
[Date "2008.09.08"]
[Round "7.6"]
[White "Damljanovic, Branko"]
[Black "Cabrilo, Goran"]
[Result "1-0"]
[WhiteElo "2579"]
[BlackElo "2484"]
[PlyCount "63"]
[EventDate "2008.09.01"]

1. d4 e6 2. Nf3 c5 3. e4 cxd4 4. Nxd4 Nf6 5. Nc3 d6 6. g4 h6 7. h4 Nc6 8. Rg1
h5 9. gxh5 Nxh5 10. Bg5 Nf6 11. Qd2 a6 12. O-O-O Bd7 13. f4 Qc7 14. Be2 Be7 15.
Kb1 O-O-O 16. Nb3 Kb8 17. Bf3 Bc8 18. Qe3 Ne8 19. h5 Bxg5 20. fxg5 Ne5 21. Be2
g6 22. h6 f6 23. Nd4 fxg5 24. Qxg5 Nf7 25. Qxg6 Rxh6 26. Qg3 Nf6 27. Qe3 Rdh8
28. Rg7 R6h7 29. Rxh7 Rxh7 30. Rf1 Ne8 31. b4 Ne5 32. Ndb5 1-0